Prediktívne riadenie rektifikačnej kolóny bakalárska práca

Salvato in:
Dettagli Bibliografici
Autore principale: Koniar, Simon
Natura: Libro
Lingua:slovacco
Pubblicazione: Bratislava STU FCHPT 2015
Accesso online:Visualizza in OPAC
Tags: Aggiungi Tag
Nessun Tag, puoi essere il primo ad aggiungerne!!

MARC

LEADER 00000nam a2200000 a 4500
005 20260127134117.0
008 151126 2015 000 0 slo d
035 |a vtls011424651 
039 9 |y 201511261331  |z mschk03 
040 |a STUSCHK1  |b slo  |c STUSCHK1  |e AACR2 
100 1 |a Koniar, Simon 
245 1 |a Prediktívne riadenie rektifikačnej kolóny  |b bakalárska práca  |c Simon Koniar 
260 |a Bratislava  |b STU FCHPT  |c 2015 
300 |a 82 s.  |b il.  |c 25 cm 
500 |a Študijný program: automatizácia, informatizácia a manažment v chémii a potravinárstve 
500 |a Študijný odbor: automatizácia, priemyselné inžinierstvo 
500 |a Školiace pracovisko: Ústav informatizácie, automatizácie a matematiky 
500 |a Evid. číslo: FCHPT-5415-61591 
910 |a SCHK95 
999 |c 4312  |d 4312